[Event "Titled Tuesday intern op 13th Feb Early"]
[Site "Chess.com INT"]
[Date "2024.02.13"]
[Round "9"]
[White "Gutierrez Carmona, Juan Alejandro"]
[Black "Begunov, Konstantin"]
[Result "1-0"]
[WhiteElo "2095"]
[BlackElo "2325"]
[PlyCount "65"]
[EventDate "2024.02.13"]
[EventType "swiss (blitz)"]
[EventRounds "11"]
[EventCountry "USA"]
[SourceTitle "CB08_2024"]
[SourceDate "2024.02.21"]
[SourceVersion "1"]
[SourceVersionDate "2024.02.21"]
[SourceQuality "1"]

1. e4 c5 2. Nf3 d6 3. d4 cxd4 4. Nxd4 Nf6 5. Nc3 a6 6. Be3 Ng4 7. Bg5 Nc6 8. Nxc6 bxc6 9. Be2 Nf6 10. 0-0 e5 11. Qd3 Be6 12. Rad1 Be7 13. f4 Qb6+ 14. Kh1 Qxb2 15. Rb1 Qa3 16. Rb7 h6 17. Rxe7+ Kxe7 18. Bxf6+ gxf6 19. Nd5+ cxd5 20. Qxa3 dxe4 21. f5 Bc8 22. Qb4 Rd8 23. Qxe4 Rb8 24. Bc4 Rb4 25. Qd5 Rf8 26. Rd1 Rb6 27. Qf3 Bb7 28. Bd5 Rb8 29. Bxb7 R8xb7 30. h3 Rb1 31. Rxb1 Rxb1+ 32. Kh2 Rd1 33. Qxd1 1-0

[Event "Titled Tuesday intern op 13th Feb Early"]
[Site "Chess.com INT"]
[Date "2024.02.13"]
[Round "1"]
[White "Vivaan, Vishal Shah"]
[Black "Gutierrez Carmona, Juan Alejandro"]
[Result "1-0"]
[WhiteElo "2076"]
[BlackElo "2095"]
[PlyCount "37"]
[EventDate "2024.02.13"]
[EventType "swiss (blitz)"]
[EventRounds "11"]
[EventCountry "USA"]
[SourceTitle "CB08_2024"]
[SourceDate "2024.02.21"]
[SourceVersion "1"]
[SourceVersionDate "2024.02.21"]
[SourceQuality "1"]

1. e4 e5 2. Nf3 Nc6 3. d4 exd4 4. Bc4 Nf6 5. Ng5 Ne5 6. Qxd4 Nxc4 7. Qxc4 d5 8. exd5 Qxd5 9. Qe2+ Be7 10. 0-0 Bg4 11. f3 Be6 12. Nc3 Bc5+ 13. Kh1 Qc4 14. Nxe6 Qxe6 15. Qb5+ Qc6 16. Re1+ Kd7 17. Qd3+ Bd6 18. Qf5+ Kd8 19. Bg5 1-0

[Event "Titled Tuesday intern op 06th Feb Early"]
[Site "Chess.com INT"]
[Date "2024.02.06"]
[Round "4"]
[White "Gutierrez Carmona, Juan Alejandro"]
[Black "Nita, Lucian"]
[Result "1/2-1/2"]
[WhiteElo "2095"]
[BlackElo "2134"]
[PlyCount "165"]
[EventDate "2024.02.06"]
[EventType "swiss (blitz)"]
[EventRounds "11"]
[EventCountry "USA"]
[SourceTitle "CB07_2024"]
[SourceDate "2024.02.14"]
[SourceVersion "1"]
[SourceVersionDate "2024.02.14"]
[SourceQuality "1"]

1. e4 d6 2. d4 Nf6 3. Nc3 e5 4. Nf3 Nbd7 5. g3 Be7 6. Bg2 0-0 7. 0-0 b5 8. Nxb5 Nxe4 9. Re1 Ba6 10. Rxe4 Bxb5 11. dxe5 Nxe5 12. Nd4 Bd7 13. Bf4 Bf6 14. Re1 Rb8 15. b3 Ng6 16. Be3 c5 17. Nc6 Bxc6 18. Bxc6 Bxa1 19. Qxa1 Ne5 20. Bd5 Qf6 21. Bxc5 dxc5 22. Qxe5 Qxe5 23. Rxe5 Rfe8 24. Rf5 Re7 25. Bc4 Rc8 26. Kf1 g6 27. Rd5 Kg7 28. h4 Rcc7 29. Rd6 Red7 30. Ra6 Kf8 31. a4 Ke7 32. Rf6 Kd8 33. h5 Ke8 34. hxg6 hxg6 35. Ra6 Kf8 36. Rf6 Kg7 37. Ra6 f6 38. Re6 Rd2 39. Bd3 Rd1+ 40. Ke2 Ra1 41. g4 g5 42. Kd2 Kf7 43. Re3 Re7 44. Rf3 Rh1 45. Kc3 Re5 46. Rg3 Rh2 47. Rf3 Ke6 48. Kc4 Rh4 49. Bf5+ Ke7 50. Kb5 Rh2 51. c3 Re2 52. b4 cxb4 53. cxb4 Rhxf2 54. Rc3 Re5+ 55. Ka6 Rf4 56. Rc7+ Kd6 57. Rd7+ Kc6 58. b5+ Kc5 59. Rc7+ Kb4 60. a5 Rxb5 61. Bd3 Rxa5+ 62. Kb7 Ra3 63. Bf5 Rxf5 64. gxf5 g4 65. Rf7 g3 66. Rxf6 g2 67. Rg6 Ra2 68. f6 a5 69. f7 Rf2 70. Rxg2 Rxf7+ 71. Kc6 Rf3 72. Rb2+ Kc4 73. Ra2 Kb4 74. Kd6 Rb3 75. Kd7 a4 76. Ra1 a3 77. Kd6 Rb2 78. Kd5 Kb3 79. Kd4 Rd2+ 80. Ke3 Rc2 81. Kd3 Kb2 82. Rxa3 Kxa3 83. Kxc2 1/2-1/2

[Event "Titled Tuesday intern op 16th Jan Early"]
[Site "Chess.com INT"]
[Date "2024.01.16"]
[Round "8"]
[White "Begunov, Konstantin"]
[Black "Gutierrez Carmona, Juan Alejandro"]
[Result "1-0"]
[WhiteElo "2325"]
[BlackElo "2095"]
[PlyCount "71"]
[EventDate "2024.01.16"]
[EventType "swiss (blitz)"]
[EventRounds "11"]
[EventCountry "USA"]
[SourceTitle "CB04_2024"]
[SourceDate "2023.10.16"]
[SourceVersion "1"]
[SourceVersionDate "2023.10.16"]
[SourceQuality "1"]

1. d4 d5 2. c4 e6 3. Nc3 Nf6 4. Bg5 Be7 5. cxd5 exd5 6. e3 0-0 7. Qc2 c6 8. Bd3 Nbd7 9. Nf3 Re8 10. 0-0 g6 11. Rab1 b6 12. b4 Bb7 13. Rfe1 Rc8 14. a3 Nh5 15. Bxe7 Qxe7 16. e4 Qf6 17. e5 Qg7 18. Qd2 f5 19. h3 Qe7 20. g4 fxg4 21. hxg4 Ng7 22. Kg2 Ne6 23. Ne2 Rf8 24. Qe3 Rf7 25. Rh1 Rcf8 26. Rh3 Nf4+ 27. Nxf4 Rxf4 28. g5 Rg4+ 29. Rg3 Rxg3+ 30. fxg3 Qe6 31. Nh2 Bc8 32. Be2 Nb8 33. Bg4 Qe7 34. Bxc8 Rxc8 35. Ng4 Rf8 36. Nf6+ 1-0

[Event "Titled Tuesday intern op 16th Jan Early"]
[Site "Chess.com INT"]
[Date "2024.01.16"]
[Round "5"]
[White "Carrasco Miranda, Andres"]
[Black "Gutierrez Carmona, Juan Alejandro"]
[Result "1-0"]
[WhiteElo "2234"]
[BlackElo "2095"]
[PlyCount "77"]
[EventDate "2024.01.16"]
[EventType "swiss (blitz)"]
[EventRounds "11"]
[EventCountry "USA"]
[SourceTitle "CB04_2024"]
[SourceDate "2023.10.16"]
[SourceVersion "1"]
[SourceVersionDate "2023.10.16"]
[SourceQuality "1"]

1. d4 d5 2. c4 e6 3. Nf3 Nf6 4. g3 Be7 5. Bg2 0-0 6. 0-0 c6 7. Qc2 b6 8. Rd1 Ba6 9. b3 Ne4 10. Nc3 f5 11. Bf4 Nd7 12. a4 Rc8 13. a5 b5 14. c5 g5 15. Be5 Nxe5 16. Nxe5 b4 17. Nxe4 fxe4 18. f3 exf3 19. Bxf3 Bf6 20. Ng4 Bg7 21. Rf1 Qe7 22. Rad1 Rf5 23. Ne3 Rff8 24. Bg4 Rxf1+ 25. Nxf1 Qf7 26. e3 h5 27. Be2 Bxe2 28. Qxe2 g4 29. Nd2 Rf8 30. Rf1 Qg6 31. Rf4 Qc2 32. Rxf8+ Kxf8 33. Qf2+ Ke7 34. Nf1 Qxb3 35. Qf4 Qd1 36. Qc7+ Kf6 37. Qe5+ Kf7 38. Qf4+ Kg6 39. Qd6 1-0

[Event "Titled Tuesday intern op 16th Jan Early"]
[Site "Chess.com INT"]
[Date "2024.01.16"]
[Round "6"]
[White "Gutierrez Carmona, Juan Alejandro"]
[Black "Viana, Valeria"]
[Result "1-0"]
[WhiteElo "2095"]
[BlackElo "1792"]
[PlyCount "91"]
[EventDate "2024.01.16"]
[EventType "swiss (blitz)"]
[EventRounds "11"]
[EventCountry "USA"]
[SourceTitle "CB04_2024"]
[SourceDate "2023.10.16"]
[SourceVersion "1"]
[SourceVersionDate "2023.10.16"]
[SourceQuality "1"]

1. e4 c6 2. d4 d5 3. Nc3 dxe4 4. Nxe4 Bf5 5. Ng3 Bg6 6. Nf3 Nd7 7. h4 h6 8. h5 Bh7 9. Bd3 Bxd3 10. Qxd3 e6 11. Bd2 Ngf6 12. 0-0-0 Be7 13. Ne4 Rc8 14. Kb1 Nxe4 15. Qxe4 Nf6 16. Qe2 0-0 17. Ne5 Qd5 18. f3 c5 19. dxc5 Qxc5 20. Bc1 Bd6 21. Nd3 Qb5 22. g4 Nd5 23. Ka1 Be7 24. g5 hxg5 25. h6 g6 26. h7+ Kh8 27. Qg2 Nf4 28. Nxf4 gxf4 29. Bxf4 Bf6 30. Bc1 Qc5 31. c3 Qf5 32. Qe2 Rc5 33. Be3 Re5 34. Qf2 Ra5 35. Bd4 e5 36. Bc5 Rc8 37. Bb4 Ra6 38. Qe3 Re8 39. Rhe1 Rae6 40. Qe2 b6 41. Qb5 a5 42. Ba3 Qxf3 43. Qd7 Qa8 44. Qxf7 Bg7 45. Qxg6 Rxg6 46. Rxe5 1-0

[Event "Titled Tuesday intern op 09th Jan Early"]
[Site "Chess.com INT"]
[Date "2024.01.09"]
[Round "1"]
[White "Maltsevskaya, Aleksandra"]
[Black "Gutierrez Carmona, Juan Alejandro"]
[Result "1-0"]
[WhiteElo "2378"]
[BlackElo "2095"]
[PlyCount "57"]
[EventDate "2024.01.09"]
[EventType "swiss (blitz)"]
[EventRounds "11"]
[EventCountry "USA"]
[SourceTitle "CB03_2024"]
[SourceDate "2024.01.17"]
[SourceVersion "1"]
[SourceVersionDate "2024.01.17"]
[SourceQuality "1"]

1. e4 e5 2. Nf3 Nc6 3. Bb5 a6 4. Ba4 Nf6 5. 0-0 Be7 6. Re1 b5 7. Bb3 d6 8. h3 0-0 9. c3 Na5 10. Bc2 c5 11. d4 Qc7 12. Nbd2 c4 13. d5 Nb7 14. a4 Bd7 15. Nf1 Nc5 16. Bg5 bxa4 17. Bxf6 Bxf6 18. Ne3 Nb3 19. Bxb3 cxb3 20. g3 Qb6 21. Kg2 Rac8 22. Qe2 g6 23. h4 Bg7 24. h5 f5 25. hxg6 hxg6 26. Nh4 f4 27. Nc4 Rxc4 28. Qxc4 fxg3 29. fxg3 1-0

[Event "Hastings Masters op 95th"]
[Site "Hastings"]
[Date "2020.01.03"]
[Round "7"]
[White "Gutierrez Carmona, Juan Alejandro"]
[Black "Vaishali, Ramesh Babu"]
[Result "1/2-1/2"]
[WhiteElo "2146"]
[BlackElo "2376"]
[PlyCount "67"]
[EventDate "2019.12.28"]
[EventType "swiss"]
[EventRounds "9"]
[EventCountry "ENG"]
[SourceTitle "CBM 194 Extra"]
[Source "ChessBase"]
[SourceDate "2020.03.31"]
[SourceVersion "1"]
[SourceVersionDate "2020.03.31"]
[SourceQuality "1"]

1. e4 c5 2. Nf3 e6 3. Nc3 a6 4. a4 Qc7 5. g3 b6 6. Bg2 Bb7 7. 0-0 d6 8. Re1 Nf6 9. d4 cxd4 10. Nxd4 Be7 11. h3 0-0 12. g4 Nc6 13. Nxc6 Bxc6 14. f4 d5 15. e5 Ne4 16. Nxe4 dxe4 17. Bxe4 Rfd8 18. Qf3 Rac8 19. c3 Bc5+ 20. Kg2 Bxe4 21. Qxe4 b5 22. axb5 axb5 23. Be3 b4 24. cxb4 Bxe3 25. Rxe3 Rd2+ 26. Re2 Rxe2+ 27. Qxe2 Qb7+ 28. Qf3 Qxb4 29. b3 h5 30. Ra8 Qd2+ 31. Kh1 Qc1+ 32. Kg2 Qd2+ 33. Kh1 Qe1+ 34. Kg2 1/2-1/2

[Event "Guillermo Garcia Memorial op 27th"]
[Site "Santa Clara"]
[Date "2018.05.29"]
[Round "7"]
[White "Gutierrez Carmona, Juan Alejandro"]
[Black "Chaviano Espina, Miguel Orlando"]
[Result "0-1"]
[WhiteElo "2122"]
[BlackElo "2202"]
[PlyCount "74"]
[EventDate "2018.05.22"]
[EventType "swiss"]
[EventRounds "9"]
[EventCountry "CUB"]
[SourceTitle "CBM 184 Extra"]
[Source "ChessBase"]
[SourceDate "2018.06.28"]
[SourceVersion "1"]
[SourceVersionDate "2018.06.28"]
[SourceQuality "1"]

1. e4 g6 2. d4 c6 3. Nc3 d5 4. e5 h5 5. f4 Nh6 6. Nf3 Bg4 7. h3 Bxf3 8. Qxf3 Nf5 9. Be3 e6 10. Bf2 h4 11. 0-0-0 Nd7 12. Kb1 Be7 13. Bd3 b5 14. Ne2 Nb6 15. g3 hxg3 16. Nxg3 Nh4 17. Qe2 Qc7 18. b3 a5 19. c4 bxc4 20. bxc4 Rb8 21. Ka1 Na4 22. Be1 Ba3 23. Rb1 Bb2+ 24. Rxb2 Nxb2 25. Bc3 Nxd3 26. Qxd3 Qb6 27. Rh2 Qa6 28. Rc2 0-0 29. Be1 Rb7 30. f5 Rfb8 31. Rc1 Nxf5 32. Nxf5 exf5 33. e6 dxc4 34. exf7+ Kxf7 35. Qe3 Qb5 36. Bc3 Qb1+ 37. Rxb1 Rxb1# 0-1

[Event "Mexican op 53rd"]
[Site "Aguascalientes"]
[Date "2007.04.05"]
[Round "3"]
[White "Gonzalez Zamora, Juan Carlos"]
[Black "Gutierrez Carmona, Juan Alejandro"]
[Result "1-0"]
[WhiteElo "2526"]
[BlackElo "2171"]
[PlyCount "85"]
[EventDate "2007.04.03"]
[EventType "swiss"]
[EventRounds "9"]
[EventCountry "MEX"]
[SourceTitle "CBM 117 Extra"]
[Source "ChessBase"]
[SourceDate "2007.05.09"]
[SourceVersion "1"]
[SourceVersionDate "2007.05.09"]
[SourceQuality "1"]

1. d4 Nf6 2. c4 e6 3. Nc3 Bb4 4. e3 0-0 5. Bd3 d5 6. Nf3 c6 7. 0-0 Nbd7 8. a3 Bd6 9. e4 dxe4 10. Nxe4 Nxe4 11. Bxe4 Nf6 12. Bc2 Qa5 13. Bg5 Be7 14. Qd3 g6 15. Rfe1 b5 16. c5 Nd5 17. Bh6 Re8 18. Ne5 Qc7 19. Qg3 Bf8 20. Bxf8 Rxf8 21. Be4 f6 22. Bxd5 exd5 23. Nxg6 Qxg3 24. Ne7+ Kf7 25. hxg3 Bd7 26. Re3 Rfe8 27. Rae1 h5 28. f3 a5 29. b3 b4 30. a4 Rab8 31. Kf2 Ra8 32. g4 hxg4 33. fxg4 Bxg4 34. Rh1 Kg7 35. Rh4 f5 36. Re6 Kf7 37. Re5 Kg7 38. Nxc6 Rxe5 39. Nxe5 Bd1 40. Rh3 Rg8 41. Rg3+ Kf8 42. Rxg8+ Kxg8 43. c6 1-0

[Event "Morelia op 2nd"]
[Site "Morelia"]
[Date "2007.02.17"]
[Round "4"]
[White "Gutierrez Carmona, Juan Alejandro"]
[Black "Martin Del Campo C, Roberto Abel"]
[Result "1/2-1/2"]
[WhiteElo "2171"]
[BlackElo "2455"]
[PlyCount "107"]
[EventDate "2007.02.15"]
[EventType "swiss"]
[EventRounds "7"]
[EventCountry "MEX"]
[SourceTitle "CBM 116 Extra"]
[Source "ChessBase"]
[SourceDate "2007.03.07"]
[SourceVersion "1"]
[SourceVersionDate "2007.03.07"]
[SourceQuality "1"]

1. e4 c5 2. Nf3 d6 3. d4 cxd4 4. Nxd4 Nf6 5. Nc3 a6 6. g3 e5 7. Nde2 b5 8. Bg2 Bb7 9. 0-0 Nbd7 10. h3 h5 11. Bg5 Be7 12. a3 Rc8 13. Re1 Qc7 14. Nc1 Qb8 15. Qd2 0-0 16. Nd3 Rc4 17. Bf3 Rfc8 18. Rac1 Qa8 19. Qe3 Bd8 20. Nb4 Bb6 21. Qe2 Rxc3 22. bxc3 Rxc3 23. Kh2 Rxa3 24. c3 a5 25. Nd3 Ra4 26. Nb2 Ra2 27. Qxb5 Bxf2 28. Re2 Bc5 29. Qb3 Ra3 30. Qc2 Ba6 31. Ree1 Qb7 32. Ra1 Rb3 33. Na4 Bc4 34. Reb1 Qb5 35. Nxc5 dxc5 36. Be2 a4 37. Bxc4 Qxc4 38. Rxa4 Qxa4 39. Rxb3 Qc4 40. Bxf6 Nxf6 41. Ra3 h4 42. g4 Qf1 43. c4 Qf4+ 44. Kg2 Nxe4 45. Rf3 Qd2+ 46. Qxd2 Nxd2 47. Re3 f6 48. Rc3 Ne4 49. Ra3 Nd6 50. Ra4 Kf7 51. Kf3 Ke6 52. Ra6 Ke7 53. Ra7+ Kf8 54. Ra4 1/2-1/2

[Event "Morelia op 2nd"]
[Site "Morelia"]
[Date "2007.02.16"]
[Round "2"]
[White "Gutierrez Carmona, Juan Alejandro"]
[Black "De la Paz Perdomo, Frank"]
[Result "0-1"]
[WhiteElo "2171"]
[BlackElo "2433"]
[PlyCount "36"]
[EventDate "2007.02.15"]
[EventType "swiss"]
[EventRounds "7"]
[EventCountry "MEX"]
[SourceTitle "CBM 116 Extra"]
[Source "ChessBase"]
[SourceDate "2007.03.07"]
[SourceVersion "1"]
[SourceVersionDate "2007.03.07"]
[SourceQuality "1"]

1. e4 e5 2. Nf3 Nc6 3. Nc3 Nf6 4. d4 exd4 5. Nxd4 Bb4 6. Nxc6 bxc6 7. Bd3 0-0 8. 0-0 d5 9. exd5 cxd5 10. Bg5 c6 11. Qf3 Rb8 12. a3 Bd6 13. Rab1 Re8 14. Ne2 Be5 15. b3 Qa5 16. a4 Ne4 17. Bxe4 dxe4 18. Qh5 Bf6 0-1